Central Library OPAC University of Rajshahi

Encyclopaedia Britannica : (Record no. 21719)

MARC details
000 -LEADER
fixed length control field 00885nam a2200253 a 4500
001 - CONTROL NUMBER
control field 21719
003 - CONTROL NUMBER IDENTIFIER
rucl marc code BD-RjUL
005 - DATE AND TIME OF LATEST TRANSACTION
control field 20211209000723.0
008 - FIXED-LENGTH DATA ELEMENTS--GENERAL INFORMATION
fixed length control field 140223s1966 -usacb edb 000 0 eng d
035 ## - SYSTEM CONTROL NUMBER
System control number OCLC 01870370 from fd09
-- (BD-RjUL)
040 ## - CATALOGING SOURCE
Original cataloging agency DLC
Transcribing agency FQG
Modifying agency EQO
-- EQO
-- BD-RjUL
Language of cataloging eng
041 ## - LANGUAGE CODE
Language code of text/sound track or separate title eng
082 ## - DEWEY DECIMAL CLASSIFICATION NUMBER
Classification number 032
Edition number 21
Author mark and year ENC 1966
245 10 - TITLE STATEMENT
Title Encyclopaedia Britannica :
Remainder of title a new survey of universal knowledge /
Statement of responsibility, etc. Warren E. Preece, ...[et. al.], ed.
Number of part/section of a work Volume 2 :
Name of part/section of a work ANTARCTICA to BALFE
260 ## - PUBLICATION, DISTRIBUTION, ETC. (IMPRINT)
Place of publication, distribution, etc. Chicago ;
-- London :
Name of publisher, distributor, etc. Encyclopaedia Britannica,
Date of publication, distribution, etc. c1966.
300 ## - PHYSICAL DESCRIPTION
Pagination 1077 p.:
Illustrations ill. ;
Size 28 cm.
500 ## - GENERAL NOTE
General note Index and atlas - Vol. 24.
504 ## - BIBLIOGRAPHY, ETC. NOTE
Bibliography, etc Includes bibliographies.
650 #0 - SUBJECT ADDED ENTRY--TOPICAL TERM
Topical term or geographic name as entry element Encyclopedias and dictionaries
9 (RLIN) 58499
700 1# - ADDED ENTRY--PERSONAL NAME
Personal name Preece, Warren E. ...[et. al.], ed.
Dates associated with a name 1894-
942 ## - ADDED ENTRY ELEMENTS (KOHA)
Source of classification or shelving scheme Dewey Decimal Classification
Koha item type Reference
Holdings
Lost status Source of classification or shelving scheme Damaged status Not for loan Collection code Permanent Location Current Location Shelving location Date acquired Total Checkouts Full call number Date last seen Koha item type
  Dewey Decimal Classification   Added to bundle Reference Central Library, University of Rajshahi Central Library, University of Rajshahi   05/03/2014   032 ENC 1966 05/03/2014 Reference